| 000 | 00386 a2200169 4500 | ||
|---|---|---|---|
| 003 | Nust | ||
| 005 | 20170207153948.0 | ||
| 020 | _a067222660x | ||
| 040 | _cNust | ||
| 082 | _a005.133 | ||
| 100 | _aLafore, Robert | ||
| 245 |
_aC programming using turbo C++ _cRobert Lafore |
||
| 260 |
_aNew York _bSAMS _c1990 |
||
| 300 | _axxi, 792p. | ||
| 538 | _aAlmirah No 6 Shelf No 1 | ||
| 650 | _aC++ | ||
| 942 |
_2ddc _cBK |
||
| 999 |
_c190624 _d190624 |
||